State against democracy: in search of human governance (Record no. 20694)

MARC details
000 -LEADER
fixed length control field 00461nam a2200169Ia 4500
082 ## - DEWEY DECIMAL CLASSIFICATION NUMBER
Classification number 321.8 KOT-;
100 ## - MAIN ENTRY--AUTHOR NAME
Personal name Kothari, Rajni
245 #0 - TITLE STATEMENT
Title State against democracy: in search of human governance
260 ## - PUBLICATION, DISTRIBUTION, ETC. (IMPRINT)
Place of publication Delhi
Name of publisher Ajanta Publications
Year of publication 1988
300 ## - PHYSICAL DESCRIPTION
Number of Pages 308p.
504 ## - BIBLIOGRAPHY, ETC. NOTE
Bibliography, etc Includes index
650 ## - SUBJECT ADDED ENTRY--TOPICAL TERM
Topical Term Fascism - India
650 ## - SUBJECT ADDED ENTRY--TOPICAL TERM
Topical Term Authoritarianism - India
650 ## - SUBJECT ADDED ENTRY--TOPICAL TERM
Topical Term Democracy - India
650 ## - SUBJECT ADDED ENTRY--TOPICAL TERM
Topical Term India - Politics and government
942 ## - ADDED ENTRY ELEMENTS (KOHA)
Koha item type Books
Holdings
Withdrawn status Lost status Damaged status Not for loan Home library Current library Date acquired Bill Date Full call number Accession Number Price effective from Koha item type
        NASSDOC Library NASSDOC Library 08/06/2004 2004-10-22 321.8 KOT-; 26957 18/04/2019 Books